Fallout Commonwealths on a Map - Statistics

General Stats
  • This quiz has been taken 200 times
  • The average score is 6 of 13
Answers on the Map
Answers color-coded by a green-red scale on the quiz's map according to % correct below.
 
Answer Stats
Commonwealths % Correct
Texas
94%
New England
76%
Midwest
64%
North
64%
South West
58%
South East
55%
North West
53%
Plains
32%
Gulf
31%
Eastern
21%
Four States
18%
Columbia
17%
East Central
10%
No matching quizzes found
Score Distribution
Percent of People with Each Score
Percentile by Number Answered
Your Score History
You have not taken this quiz